| 000 | 01730cam a2200205 i 4500 | ||
|---|---|---|---|
| 999 |
_c37443 _d37443 |
||
| 020 | _a9781138205482 | ||
| 082 |
_a 340.59 _bJAM-I |
||
| 100 | 1 |
_aJamal, Arif A., _eauthor. |
|
| 245 | 1 | 0 |
_aIslam, law, and the modern state : _b(re)imagining liberal theory in Muslim contexts / _cby Arif A. Jamal. |
| 260 |
_aNew York: _bRoutledge, _cc2018. |
||
| 300 | _axi,149p. | ||
| 504 | _aIncludes bibliographical references and index. | ||
| 505 | 0 | _aDeveloping the concept of "justice as discourse" -- Justice as discourse in application -- Muslim contexts I : history and heritage -- Muslim contexts II : contemporary contexts -- Terms of engagement : (re)imagining religion, law, state, and society for Muslim contexts. | |
| 520 | _aWithin the global phenomenon of the (re)emergence of religion into issues of public debate, one of the most salient issues confronting contemporary Muslim societies is how to relate the legal and political heritage that developed in pre-modern Islamic polities to the political order of the modern states in which Muslims now live. This work seeks to develop a framework for addressing this issue. The central argument is that liberal theory, and in particular justice as discourse, can be normatively useful in Muslim contexts for relating religion, law and state. Just as Muslim contexts have developed historically, and continue to develop today, the same is the case with the requisites of liberal theory, and this may allow for liberal choices to be made in a manner that is not a renunciation of Muslim heritage. | ||
| 650 | 0 | _aJustice, Administration of (Islamic law) | |
| 650 | 0 | _aJustice, Administration of. | |
| 650 | 0 | _aIslam and justice. | |
| 650 | 0 | _aReligion and law. | |
| 942 |
_2ddc _cBK |
||